00740nam a2200181Ia 4500008004100000020001500041041001200056082001100068100001800079245016800097260003600265300001400301650000700315700001800322942000700340999001500347952019600362221030s9999 xx 000 0 und d a8121924901 aEnglish a105.23 aB. L. Theraja 0aTransmission, Distribution & UtilisationA Text Book of Electrical Technology - Vol. III - Transmission, Distribution & Utilisationcby B. L. Theraja, A. K. Theraja bS. Chand & Co.aNew Delhic2007 a1569-2016 aEE aA. K. Theraja cBK c8912d8912 pBE 10464g250.00i95l0o105.23 eDurga Books, Amritsarr2024-06-13 00:00:00w2022-10-30yBK003Print4071aMIETLIBbMIETLIBcBL-Academic Block A, FL-1, CUP-24, SH-2, R-2d2010-02-2710HBE